Drug addiction: (Record no. 147937)
[ view plain ]
| 000 -LEADER | |
|---|---|
| fixed length control field | 00572nam a22001817a 4500 |
| 005 - DATE AND TIME OF LATEST TRANSACTION | |
| control field | 20171208153722.0 |
| 010 ## - LCCN (DPL NO) | |
| LC control number | ENG-121806 |
| 020 ## - INTERNATIONAL STANDARD BOOK NUMBER | |
| International Standard Book Number | 9788188808830 |
| Terms of availability | 550.00 |
| 035 ## - SYSTEM CONTROL NUMBER | |
| System control number | ENG-101806 |
| 037 ## - SOURCE OF ACQUISITION | |
| Source of stock number/acquisition | DBAD/PUB |
| 082 ## - DEWEY DECIMAL CLASSIFICATION NUMBER | |
| Classification number | 616.863 |
| 100 ## - MAIN ENTRY--PERSONAL NAME | |
| Personal name | Sarkar Angshuman |
| 245 ## - TITLE STATEMENT | |
| Title | Drug addiction: |
| Remainder of title | a socio - economic analysis / |
| Statement of responsibility, etc | by Angshuman Sarkar |
| 260 ## - PUBLICATION, DISTRIBUTION, ETC. (IMPRINT) | |
| Place of publication, distribution, etc | Kolkata |
| Name of publisher, distributor, etc | Scholar Book Seller and Publishers |
| Date of publication, distribution, etc | 2010 |
| 270 ## - ADDRESS | |
| Address | Bidhanpally, Madhyamgram |
| City | Kolkata |
| Postal code | 700129 |
| 300 ## - PHYSICAL DESCRIPTION | |
| Extent | xxiii,247p. |
| Other physical details | ill. |
| Dimensions | 23cm(Hb) |
| 942 ## - ADDED ENTRY ELEMENTS (KOHA) | |
| Source of classification or shelving scheme | Dewey Decimal Classification |
| Item type | English Books |
| Classification part | 616.863 |
| Call number suffix | SAR |
| Withdrawn status | Lost status | Not for loan | Collection code | Home library | Current library | Date acquired | Source of acquisition | Cost, normal purchase price | Full call number | Barcode | Copy number | Cost, replacement price | Koha item type |
|---|---|---|---|---|---|---|---|---|---|---|---|---|---|
| Not For Loan | Non-fiction | D.B.Act.Division | Bawana | 08/12/2017 | DBAD/PUB | 550.00 | 616.863 SAR | EN-105338 | 1 | 550.00 | English Books |
